[Event "17. Sombor open"]
[Site "Sombor, Citaonicka 9"]
[Date "2025.03.19"]
[Round "1.1"]
[White "Kurcubic, Drago"]
[Black "Bakula, Milan"]
[Result "1-0"]
[WhiteElo "2120"]
[BlackElo "1807"]
[PlyCount "47"]
[EventDate "2025.03.19"]

1. e4 c5 2. Nf3 Nc6 3. d4 cxd4 4. Nxd4 Nxd4 5. Qxd4 e6 6. Nc3 a6 7. Be2 Nf6 8.
e5 Ng8 9. Bf4 Be7 10. O-O-O Qc7 11. Ne4 h6 12. Bf3 Rb8 13. Nd6+ Kf8 14. Rhe1 b5
15. Kb1 b4 16. Qd3 h5 17. Re4 Bb7 18. Rxb4 Bxf3 19. Rxb8+ Qxb8 20. Qxf3 g5 21.
Bxg5 Bxd6 22. Rxd6 Qb5 23. Bf6 Rh6 24. Qa8+ 1-0

[Event "17. Sombor open"]
[Site "Sombor, Citaonicka 9"]
[Date "2025.03.19"]
[Round "1.2"]
[White "Gajcin, Sinisa"]
[Black "Travica, Robert"]
[Result "0-1"]
[WhiteElo "1797"]
[BlackElo "2018"]
[PlyCount "98"]
[EventDate "2025.03.19"]

1. e4 e5 2. Nf3 Nc6 3. Bc4 Bc5 4. c3 Nf6 5. d3 d6 6. Bb3 O-O 7. Nbd2 a6 8. O-O
Be6 9. Re1 Ba7 10. Nf1 h6 11. Ng3 Qd7 12. Bxe6 fxe6 13. Be3 Bxe3 14. Rxe3 Rae8
15. d4 exd4 16. cxd4 Ne7 17. Rc1 c6 18. Qc2 Nh7 19. Ne2 Rf7 20. Nd2 Ref8 21. f3
Rc8 22. Nc4 Rd8 23. Rb3 b5 24. Ne3 a5 25. a3 Rc8 26. Qd2 Qa7 27. Rbc3 Rff8 28.
Qe1 c5 29. dxc5 dxc5 30. Qg3 c4 31. Qf2 a4 32. Nc2 Qxf2+ 33. Kxf2 e5 34. Rd1
Rcd8 35. Rxd8 Rxd8 36. Ne3 Nf6 37. Rc2 Nc6 38. Nc3 Rb8 39. Ned5 Nxd5 40. Nxd5
Kf7 41. Ke3 g5 42. h3 Rb7 43. Nc3 Nd4 44. Rd2 b4 45. axb4 Rxb4 46. Nd5 Rb3+ 47.
Kf2 a3 48. bxa3 c3 49. Rd1 c2 0-1

[Event "17. Sombor open"]
[Site "Sombor, Citaonicka 9"]
[Date "2025.03.19"]
[Round "1.4"]
[White "Kelic, Dusan"]
[Black "Skrobonja, Sinisa"]
[Result "0-1"]
[WhiteElo "1698"]
[BlackElo "1995"]
[PlyCount "38"]
[EventDate "2025.03.19"]

1. e4 g6 2. d4 d5 3. e5 c5 4. Bb5+ Nc6 5. Ne2 Bg7 6. Bf4 a6 7. Bxc6+ bxc6 8. c3
cxd4 9. Nxd4 Qb6 10. Qb3 Qxb3 11. Nxb3 Nh6 12. O-O O-O 13. N1d2 e6 14. Nc5 Nf5
15. Nf3 h6 16. Nd4 g5 17. Bg3 Nxg3 18. fxg3 Bxe5 19. Nxc6 Bd6 0-1

[Event "17. Sombor open"]
[Site "Sombor, Citaonicka 9"]
[Date "2025.03.19"]
[Round "1.5"]
[White "Knezevic, Janko"]
[Black "Loncar, Jovan"]
[Result "1-0"]
[WhiteElo "1938"]
[BlackElo "1674"]
[PlyCount "67"]
[EventDate "2025.03.19"]

1. d4 d5 2. c4 c6 3. Nc3 g6 4. Nf3 Bg7 5. e3 Nf6 6. Be2 Bf5 7. Qb3 b6 8. Bd2
Ne4 9. cxd5 Nxc3 10. Bxc3 cxd5 11. Bb5+ Kf8 12. O-O a6 13. Be2 b5 14. a4 bxa4
15. Rxa4 Bf6 16. Qb7 Bd7 17. Qxd5 e6 18. Qxa8 Bxa4 19. Bxa6 Kg7 20. Bb7 Bb5 21.
Ra1 Qc7 22. Qa7 Qc4 23. Nd2 Qe2 24. Bf3 Qd3 25. Qc7 Qf5 26. e4 Qg5 27. e5 Be7
28. Ne4 Na6 29. Qa7 Qh4 30. g3 Qh6 31. Qxe7 Nb8 32. Ng5 Be8 33. Nxe6+ Kg8 34.
Qxe8+ 1-0

[Event "17 Sombor Open"]
[Site "?"]
[Date "2025.03.19"]
[Round "1.6"]
[White "Djurosev, Djordje"]
[Black "Beslin, Igor"]
[Result "0-1"]
[WhiteElo "1642"]
[BlackElo "1907"]
[PlyCount "62"]
[EventDate "2025.??.??"]

1. e4 c5 2. c3 d5 3. exd5 Qxd5 4. d4 e6 5. Nf3 Nf6 6. Be3 cxd4 7. Nxd4 a6 8.
Nd2 Be7 9. N2f3 O-O 10. Bd3 Rd8 11. Qc2 e5 12. c4 Bb4+ 13. Ke2 Qa5 14. Nb3 Qc7
15. Bg5 Nbd7 16. Rhd1 h6 17. Bh4 Nf8 18. Bxf6 gxf6 19. a3 Be7 20. Qd2 e4 21.
Nfd4 exd3+ 22. Qxd3 Re8 23. Nf5 Bxf5 24. Qxf5 Bxa3+ 25. Kf1 Qxh2 26. f3 Bxb2
27. Rab1 Ng6 28. Rxb2 Qh1+ 29. Kf2 Qxd1 30. Kg3 Qe1+ 31. Kh3 Qh4# 0-1

[Event "17. Sombor open"]
[Site "Sombor, Citaonicka 9"]
[Date "2025.03.19"]
[Round "1.7"]
[White "Stojkovic, Andreja"]
[Black "Basaric, Ana"]
[Result "1-0"]
[WhiteElo "1905"]
[BlackElo "1575"]
[PlyCount "95"]
[EventDate "2025.03.19"]

1. e4 c5 2. Nf3 Nc6 3. d4 cxd4 4. Nxd4 g6 5. Bc4 Bg7 6. Nf3 Nf6 7. Nc3 O-O 8.
O-O d6 9. h3 Bd7 10. Qe2 Rc8 11. Bg5 a6 12. a3 b5 13. Bd3 h6 14. Be3 e6 15.
Rfd1 Qc7 16. Qd2 h5 17. Be2 Ne8 18. Bf4 e5 19. Nd5 Qb8 20. Bg5 f6 21. Be3 Be6
22. a4 bxa4 23. Bxa6 Rd8 24. c4 Nc7 25. Rxa4 Nxa6 26. Rxa6 Qb7 27. Rxc6 Kh8 28.
Rb6 Qd7 29. c5 dxc5 30. Bxc5 Rf7 31. Rd6 Qc8 32. Rxd8+ Qxd8 33. b4 Rd7 34. Ne1
f5 35. f3 Kh7 36. Nc2 Bh6 37. Be3 Bg7 38. b5 Bf8 39. Bg5 Bc5+ 40. Kh2 Qb8 41.
Nf6+ Kh8 42. Nxd7 Bxd7 43. Bf6+ Kg8 44. Qxd7 Bf8 45. Qe6+ Kh7 46. Qf7+ Kh6 47.
Qg8 Qxb5 48. Qh8# 1-0

[Event "17. Sombor open"]
[Site "Sombor, Citaonicka 9"]
[Date "2025.03.19"]
[Round "1.8"]
[White "Kokai, Lea"]
[Black "Kovacs, Attila F"]
[Result "0-1"]
[WhiteElo "1525"]
[BlackElo "1891"]
[PlyCount "90"]
[EventDate "2025.03.19"]

1. e4 e5 2. Nf3 Nf6 3. Nxe5 d6 4. Nf3 Nxe4 5. d3 Nf6 6. d4 d5 7. Bd3 Bd6 8. O-O
O-O 9. Nc3 h6 10. h3 Re8 11. Re1 Nbd7 12. Rxe8+ Qxe8 13. Qe2 Qxe2 14. Bxe2 a6
15. Be3 Nf8 16. Re1 Bf5 17. Bd3 Bxd3 18. cxd3 Ne6 19. Ne5 c6 20. g3 Bb4 21. a3
Ba5 22. b4 Bb6 23. Ne2 Rd8 24. f4 Ne8 25. f5 Nf8 26. Nf4 Nd7 27. Nxd7 Rxd7 28.
Bf2 Kf8 29. Kf1 Nd6 30. Ke2 Re7+ 31. Kd2 Rxe1 32. Kxe1 Nxf5 33. Ne2 h5 34. g4
hxg4 35. hxg4 Nh6 36. g5 Nf5 37. Kd2 g6 38. Kc3 Bd8 39. a4 Bxg5 40. Ng3 Nxg3
41. Bxg3 b5 42. axb5 axb5 43. Kc2 Be3 44. Be5 Ke7 45. Kd1 f6 0-1

[Event "17. Sombor open"]
[Site "Sombor, Citaonicka 9"]
[Date "2025.03.19"]
[Round "1.9"]
[White "Delija, Dragan"]
[Black "Trkulja, Dunja"]
[Result "1-0"]
[WhiteElo "1874"]
[BlackElo "1454"]
[PlyCount "29"]
[EventDate "2025.03.19"]

1. d4 d5 2. c4 dxc4 3. Nc3 e6 4. e4 Be7 5. Bxc4 Nf6 6. Nf3 Nc6 7. O-O O-O 8. h3
Na5 9. Bd3 Nh5 10. Qc2 Nf4 11. Bxf4 Nc6 12. Be3 Nb4 13. Qd1 Nxd3 14. Qxd3 Bd7
15. Rad1 1-0

[Event "17. Sombor open"]
[Site "Sombor, Citaonicka 9"]
[Date "2025.03.21"]
[Round "2.1"]
[White "Kovacs, Attila F"]
[Black "Kurcubic, Drago"]
[Result "0-1"]
[WhiteElo "1891"]
[BlackElo "2120"]
[PlyCount "118"]
[EventDate "2025.03.19"]

1. e4 c6 2. d4 d5 3. exd5 cxd5 4. c4 Nf6 5. Nc3 e6 6. Nf3 Be7 7. Bg5 O-O 8. Bd3
dxc4 9. Bxc4 Nbd7 10. O-O Nb6 11. Bb3 Bd7 12. Ne5 Rc8 13. Rc1 Nfd5 14. Bxe7
Nxe7 15. Re1 Ng6 16. Qf3 Bc6 17. Nxc6 bxc6 18. Ne2 Qd6 19. Rc2 Rfd8 20. Rec1
Ne7 21. Qe4 Nbd5 22. Rc5 Nf6 23. Qf3 Nd7 24. R5c2 c5 25. Qe4 Nb6 26. Rxc5 Ra8
27. Qb7 g6 28. Rc7 Rdb8 29. Qf3 a5 30. Qf6 Re8 31. Nf4 Nd7 32. Rxd7 Qxd7 33.
Nxe6 Nf5 34. Ng5 Re7 35. Nf3 Rc8 36. Rd1 a4 37. Ne5 Rxe5 38. Bxf7+ Qxf7 39.
Qxf7+ Kxf7 40. dxe5 Rc2 41. g4 Nh4 42. Rb1 Nf3+ 43. Kg2 Nd2 44. Re1 Rxb2 45.
e6+ Ke7 46. a3 Rb3 47. f4 Rxa3 48. f5 gxf5 49. gxf5 Nf3 50. Rf1 Nh4+ 51. Kg1
Rf3 52. Rd1 Rxf5 53. Rd7+ Kxe6 54. Rxh7 Nf3+ 55. Kg2 Ne1+ 56. Kg3 Ra5 57. Rh6+
Kf7 58. Rc6 a3 59. Rc1 a2 0-1

[Event "17. Sombor open"]
[Site "Sombor, Citaonicka 9"]
[Date "2025.03.21"]
[Round "2.3"]
[White "Pek, Istvan"]
[Black "Novakovic, Aleksandar"]
[Result "0-1"]
[WhiteElo "1865"]
[BlackElo "2013"]
[PlyCount "49"]
[EventDate "2025.03.19"]

1. e4 e5 2. Nf3 Nc6 3. Bb5 a6 4. Ba4 Nf6 5. O-O Be7 6. Re1 b5 7. Bb3 O-O 8. c3
d5 9. exd5 Nxd5 10. d4 exd4 11. Nxd4 Nxd4 12. Qxd4 Bb7 13. Nd2 c5 14. Qg4 f5
15. Qd1 c4 16. Bc2 Bd6 17. Nf3 Qc7 18. h3 Bf4 19. Nd4 Bxc1 20. Rxc1 Nf4 21. f3
Rad8 22. Kh1 Nxh3 23. Qe2 Qg3 24. Qe5 Nf4 25. Re2 0-1

[Event "17. Sombor open"]
[Site "Sombor, Citaonicka 9"]
[Date "2025.03.21"]
[Round "2.4"]
[White "Skrobonja, Sinisa"]
[Black "Delija, Dragan"]
[Result "1-0"]
[WhiteElo "1995"]
[BlackElo "1874"]
[PlyCount "101"]
[EventDate "2025.03.19"]

1. e4 c6 2. d4 d5 3. exd5 cxd5 4. Nf3 Nf6 5. Bd3 g6 6. h3 Bg7 7. O-O O-O 8. Re1
Nc6 9. c3 Qc7 10. Nbd2 Nh5 11. Nf1 e5 12. dxe5 Nxe5 13. Be2 Nxf3+ 14. Bxf3 Nf6
15. Bg5 Be6 16. Qd2 Qc6 17. Qf4 Bf5 18. Ng3 Be4 19. Rad1 Bxf3 20. Qxf3 Rfe8 21.
Rxe8+ Rxe8 22. Bxf6 Bxf6 23. Qxd5 Qxd5 24. Rxd5 Rd8 25. Rxd8+ Bxd8 26. Kf1 f5
27. Ke2 Bb6 28. Nf1 Kf7 29. Nd2 Ke6 30. Nc4 Bc7 31. Kd3 Kd5 32. a4 Bd8 33. b4
a6 34. Nd2 Bf6 35. c4+ Kc6 36. Nf1 a5 37. bxa5 Bd8 38. Nd2 Bxa5 39. Nb3 Bd8 40.
f4 Bf6 41. Ke3 Be7 42. g4 fxg4 43. hxg4 b6 44. g5 Bf8 45. Ke4 Bd6 46. Nd2 Bf8
47. Nf3 Kc5 48. Ne5 h6 49. gxh6 Bxh6 50. Nxg6 Bg7 51. Kd3 1-0

[Event "17. Sombor open"]
[Site "Sombor, Citaonicka 9"]
[Date "2025.03.21"]
[Round "2.5"]
[White "Vujnovic, Igor"]
[Black "Knezevic, Janko"]
[Result "1-0"]
[WhiteElo "1856"]
[BlackElo "1938"]
[PlyCount "64"]
[EventDate "2025.03.19"]

1. e4 c5 2. Nc3 e6 3. Nf3 Nc6 4. d4 cxd4 5. Nxd4 a6 6. Be2 Nf6 7. O-O Be7 8.
Be3 O-O 9. Nxc6 dxc6 10. Qxd8 Bxd8 11. Rfd1 Re8 12. Bg5 h6 13. Bh4 g5 14. Bg3
e5 15. Bxe5 Be6 16. Rxd8 Raxd8 17. Bxf6 Rd7 18. Na4 Rd6 19. Kf1 Bc8 20. e5 Rd4
21. b3 b5 22. c3 Rh4 23. Nc5 Rxh2 24. Kg1 Rh4 25. Bf3 Bf5 26. b4 Rc4 27. Rc1 a5
28. Bxc6 axb4 29. Bxb5 Rxc5 30. Bxe8 Rxc3 31. Rd1 Be6 32. Rd8 Bxa2 1-0

[Event "Backa zonska liga 2016"]
[Site "?"]
[Date "2025.03.21"]
[Round "2.6"]
[White "Beslin, Igor"]
[Black "Mandaric, Petar"]
[Result "0-1"]
[WhiteElo "1907"]
[BlackElo "1857"]
[PlyCount "48"]
[EventDate "2025.??.??"]

1. e4 c5 2. Nf3 d6 3. d4 cxd4 4. Nxd4 Nf6 5. Nc3 a6 6. Be2 g6 7. O-O Bg7 8. Be3
O-O 9. f4 e5 10. Nb3 Nc6 11. h3 b5 12. a3 Qc7 13. f5 Bb7 14. Qe1 Ne7 15. Qh4 d5
16. Bc5 d4 17. Nd5 Bxd5 18. exd5 Nxf5 19. Qf2 Ne4 20. d6 Qc8 21. Qf3 Nxc5 22.
Qd5 Nxb3 23. Qxb3 Qc5 24. Kh2 Qxd6 0-1

[Event "17. Sombor open"]
[Site "Sombor, Citaonicka 9"]
[Date "2025.03.21"]
[Round "2.7"]
[White "Bakula, Milan"]
[Black "Kokai, Lea"]
[Result "1-0"]
[WhiteElo "1807"]
[BlackElo "1525"]
[PlyCount "49"]
[EventDate "2025.03.19"]

1. c4 Nf6 2. Nc3 e6 3. e4 d6 4. d4 Be7 5. Bd3 O-O 6. Nf3 Nbd7 7. Qc2 e5 8. Be3
b6 9. O-O-O Bb7 10. h3 a5 11. a4 Qc8 12. g4 Rd8 13. g5 Ne8 14. Nd5 Kf8 15. h4
c6 16. Nxe7 Kxe7 17. h5 Nf8 18. g6 hxg6 19. h6 gxh6 20. Rxh6 Qc7 21. Bf1 exd4
22. Rxd4 Kd7 23. Bh3+ Ne6 24. Rh7 Kc8 25. Bxe6+ 1-0

[Event "17. Sombor open"]
[Site "Sombor, Citaonicka 9"]
[Date "2025.03.21"]
[Round "2.8"]
[White "Basaric, Ana"]
[Black "Gajcin, Sinisa"]
[Result "0-1"]
[WhiteElo "1575"]
[BlackElo "1797"]
[PlyCount "109"]
[EventDate "2025.03.19"]

1. c4 d5 2. cxd5 Qxd5 3. Nc3 Qd8 4. g3 Nf6 5. Bg2 c6 6. Nf3 g6 7. e4 Bg7 8. O-O
O-O 9. d4 Qa5 10. Qe2 b5 11. e5 Ne8 12. Bd2 b4 13. Ne4 Ba6 14. Qe1 Bxf1 15.
Bxb4 Qd8 16. Kxf1 Na6 17. Ba3 Nec7 18. Rc1 Nb5 19. Rxc6 Nb8 20. Rc4 Nxa3 21.
bxa3 Nd7 22. Nc5 Rc8 23. Qc1 Nxc5 24. Rxc5 Rxc5 25. Qxc5 Qd7 26. Qb4 Qc7 27.
Qb2 Rb8 28. Qa1 e6 29. Kg1 Qc2 30. Ne1 Qd2 31. Nf3 Qd3 32. Ne1 Rb1 33. Qxb1
Qxb1 34. Kf1 Bh6 35. f4 Bf8 36. a4 Qxa2 37. Nf3 Qxa4 38. h3 Qd1+ 39. Kf2 a5 40.
h4 a4 41. g4 a3 42. h5 a2 43. hxg6 hxg6 44. f5 gxf5 45. gxf5 exf5 46. d5 Bc5+
47. Kg3 Qxd5 48. e6 f4+ 49. Kxf4 Bd6+ 50. Ke3 Qxe6+ 51. Kf2 Bc5+ 52. Kg3 Qg6+
53. Kh2 Be3 54. Kh3 Qf5+ 55. Kh4 0-1

[Event "17. Sombor open"]
[Site "Sombor, Citaonicka 9"]
[Date "2025.03.21"]
[Round "2.10"]
[White "Trkulja, Dunja"]
[Black "Kelic, Dusan"]
[Result "0-1"]
[WhiteElo "1454"]
[BlackElo "1698"]
[PlyCount "44"]
[EventDate "2025.03.19"]

1. d4 Nf6 2. Nf3 d5 3. Nc3 e6 4. Bf4 Bb4 5. a3 Ba5 6. e3 Ne4 7. Qd3 b6 8. b4
Ba6 9. Nb5 O-O 10. bxa5 c6 11. a4 bxa5 12. Qa3 cxb5 13. axb5 Bc8 14. c3 g5 15.
Bxb8 Rxb8 16. Bd3 f6 17. c4 g4 18. Nh4 f5 19. cxd5 Qxh4 20. Ra2 Bb7 21. dxe6 g3
22. Rg1 Qxh2 0-1

[Event "17. Sombor open"]
[Site "Sombor, Citaonicka 9"]
[Date "2025.03.24"]
[Round "3.1"]
[White "Kurcubic, Drago"]
[Black "Skrobonja, Sinisa"]
[Result "1-0"]
[WhiteElo "2120"]
[BlackElo "1995"]
[PlyCount "69"]
[EventDate "2025.03.19"]

1. e4 g6 2. d4 Bg7 3. Nc3 d6 4. g3 Nd7 5. Bg2 e5 6. Nge2 Ne7 7. O-O h6 8. Be3
O-O 9. Qd2 Kh7 10. Kh1 Nf6 11. h3 c6 12. Rad1 Qa5 13. dxe5 dxe5 14. Qd6 Re8 15.
f4 exf4 16. Nxf4 g5 17. Nd3 Nf5 18. exf5 Rxe3 19. g4 h5 20. Qd4 Rg3 21. Ne2
Rxg2 22. Kxg2 b6 23. Qe3 Bb7 24. Qxg5 Qd5+ 25. Kh2 hxg4 26. Qh4+ Kg8 27. hxg4
Re8 28. Ndf4 Qe5 29. g5 Nd5 30. g6 f6 31. Ng3 Nxf4 32. Qxf4 Qxb2 33. Rd7 Bc8
34. Rxg7+ Kxg7 35. Qc7+ 1-0

[Event "17. Sombor open"]
[Site "Sombor, Citaonicka 9"]
[Date "2025.03.24"]
[Round "3.2"]
[White "Novakovic, Aleksandar"]
[Black "Vujnovic, Igor"]
[Result "1/2-1/2"]
[WhiteElo "2013"]
[BlackElo "1856"]
[PlyCount "49"]
[EventDate "2025.03.19"]

1. e4 e6 2. d4 d5 3. Nc3 dxe4 4. Nxe4 Nd7 5. Nf3 Ngf6 6. Nxf6+ Nxf6 7. Bg5 Bd6
8. Bd3 h6 9. Bh4 O-O 10. Ne5 c5 11. Qf3 cxd4 12. Ng4 Qa5+ 13. Kf1 Nxg4 14. Qxg4
e5 15. Qh5 Qd2 16. Rd1 Qf4 17. h3 g6 18. Bxg6 fxg6 19. Qxg6+ Kh8 20. g4 Be7 21.
Bg3 Qxg3 22. Qxh6+ Kg8 23. Qg6+ Kh8 24. Qh6+ Kg8 25. Qg6+ 1/2-1/2

[Event "17. Sombor Open"]
[Site "?"]
[Date "2025.03.24"]
[Round "3.4"]
[White "Stojkovic, Andreja"]
[Black "Beslin, Igor"]
[Result "0-1"]
[WhiteElo "1905"]
[BlackElo "1907"]
[PlyCount "146"]
[EventDate "2025.??.??"]

1. e4 c5 2. a3 Nc6 3. b4 cxb4 4. axb4 Nxb4 5. d4 d5 6. c3 Nc6 7. exd5 Qxd5 8.
Na3 a6 9. Nb5 Qe4+ 10. Be3 Rb8 11. Na3 Nf6 12. Nf3 Nd5 13. Qd2 Nxe3 14. fxe3
Bf5 15. Bc4 e6 16. O-O Be7 17. Ne1 Bg5 18. Nac2 O-O 19. Bd3 Qd5 20. Qe2 Bxd3
21. Qxd3 f5 22. Nf3 Bh6 23. Nd2 Rbd8 24. Rfb1 Ne5 25. Qe2 Ng4 26. h3 Nf6 27. c4
Qc6 28. Nb4 Qc7 29. Nd3 Rd6 30. Nc5 Rc6 31. Rxb7 Qg3 32. Nf1 Qg5 33. Rxa6 Rxa6
34. Nxa6 f4 35. Nc5 Re8 36. exf4 Qxf4 37. Nxe6 Qf5 38. d5 Ne4 39. Rb3 Ra8 40.
Rf3 Qe5 41. Nc5 Qd4+ 42. Kh2 Nxc5 43. Ng3 Bf4 44. Qf1 g5 45. h4 Ra1 46. Qe2 Ne4
47. Rxf4 gxf4 48. Nxe4 Qg1+ 49. Kh3 Qe3+ 50. Qf3 Re1 51. Ng5 Rc1 52. g3 Qxf3
53. Nxf3 fxg3 54. d6 Rd1 55. c5 Rd5 56. Kxg3 Rxc5 57. Kf4 Rd5 58. d7 Rxd7 59.
Kg4 Kg7 60. Kf4 Kf6 61. Kg4 Rd5 62. Kf4 h5 63. Ng5 Ra5 64. Ne4+ Kg6 65. Ng3
Ra4+ 66. Ne4 Rb4 67. Kf3 Rb3+ 68. Kg2 Kf5 69. Nf2 Kf4 70. Kh2 Kf3 71. Nh3 Rb2+
72. Kh1 Kg3 73. Ng1 Rh2# 0-1

[Event "17. Sombor open"]
[Site "Sombor, Citaonicka 9"]
[Date "2025.03.24"]
[Round "3.6"]
[White "Gajcin, Sinisa"]
[Black "Kovacs, Attila F"]
[Result "0-1"]
[WhiteElo "1797"]
[BlackElo "1891"]
[PlyCount "108"]
[EventDate "2025.03.19"]

1. e4 e5 2. Bc4 Nf6 3. Qe2 Bc5 4. Nf3 Nc6 5. c3 Bb6 6. d3 h6 7. b4 d6 8. h3 a6
9. Nbd2 Be6 10. a4 O-O 11. O-O Nh5 12. Kh2 Nf4 13. Qd1 Qd7 14. Bxe6 fxe6 15.
Nc4 Ba7 16. Be3 Qf7 17. Bxa7 Nxa7 18. Ng1 Qf6 19. g3 Ng6 20. Ne3 Rad8 21. Ng4
Qe7 22. Qe2 Nc6 23. Ne3 Rf7 24. b5 Nb8 25. Qg4 Kh7 26. f4 exf4 27. gxf4 Rdf8
28. Ne2 Nd7 29. bxa6 bxa6 30. Qg3 Nc5 31. f5 exf5 32. exf5 Nh4 33. Nd4 Qf6 34.
Ng4 Qg5 35. Nf3 Nxf3+ 36. Rxf3 Rxf5 37. Raf1 h5 38. Rxf5 Rxf5 39. Rxf5 Qxf5 40.
Nf2 Qe5 41. Qxe5 dxe5 42. Kg3 Nxa4 43. c4 Nb2 44. Kf3 Kg6 45. Ke4 Kf6 46. Kd5
a5 47. Ne4+ Kf5 48. Nc5 a4 49. d4 e4 50. Nxe4 c6+ 51. Kxc6 Kxe4 52. Kc5 a3 53.
d5 a2 54. d6 a1=Q 0-1

[Event "17. Sombor open"]
[Site "Sombor, Citaonicka 9"]
[Date "2025.03.24"]
[Round "3.7"]
[White "Delija, Dragan"]
[Black "Lin, Zhengyuan"]
[Result "1-0"]
[WhiteElo "1874"]
[BlackElo "1602"]
[PlyCount "43"]
[EventDate "2025.03.19"]

1. d4 d5 2. c4 e6 3. Nc3 h6 4. Nf3 Nf6 5. Bf4 c5 6. e3 Nc6 7. Nb5 Nh5 8. Nc7+
Kd7 9. Ne5+ Nxe5 10. Bxe5 f6 11. Qxh5 fxe5 12. Nxa8 cxd4 13. O-O-O b6 14. cxd5
exd5 15. Qxe5 Kc6 16. Qxd4 Be6 17. e4 Qg5+ 18. Kb1 dxe4 19. Qxe4+ Bd5 20. Qe8+
Kb7 21. Qd7+ Kxa8 22. Qc8# 1-0

[Event "17. Sombor open"]
[Site "Sombor, Citaonicka 9"]
[Date "2025.03.24"]
[Round "3.8"]
[White "Kelic, Dusan"]
[Black "Pek, Istvan"]
[Result "0-1"]
[WhiteElo "1698"]
[BlackElo "1865"]
[PlyCount "70"]
[EventDate "2025.03.19"]

1. e4 c5 2. Nf3 d6 3. d4 cxd4 4. Nxd4 Nf6 5. Nc3 a6 6. a3 b5 7. Bd3 e6 8. Bg5
Be7 9. O-O Bb7 10. Re1 Nbd7 11. Rc1 O-O 12. f3 Rc8 13. Nce2 Ne5 14. c3 d5 15.
exd5 Nxd3 16. Qxd3 Bxd5 17. Qd2 Qd7 18. Qc2 Rfd8 19. Red1 Qa7 20. Kf1 Bc4 21.
b3 Bxe2+ 22. Qxe2 Nd5 23. Nxe6 Bxg5 24. Nxd8 Ne3+ 25. Ke1 Bxd8 26. Rd4 Bg5 27.
f4 Nf5 28. Re4 Nd6 29. fxg5 Nxe4 30. Qxe4 Qg1+ 31. Kd2 Qf2+ 32. Kd3 Rd8+ 33.
Qd4 Rxd4+ 34. cxd4 Qf5+ 35. Ke2 g6 0-1

[Event "17. Sombor open"]
[Site "Sombor, Citaonicka 9"]
[Date "2025.03.24"]
[Round "3.9"]
[White "Djurosev, Djordje"]
[Black "Bakula, Milan"]
[Result "1-0"]
[WhiteElo "1642"]
[BlackElo "1807"]
[PlyCount "41"]
[EventDate "2025.03.19"]

1. e4 c5 2. c3 Nc6 3. d4 cxd4 4. cxd4 e6 5. Nc3 Bb4 6. Nf3 Nf6 7. Bd3 O-O 8. h3
d6 9. Be3 e5 10. dxe5 dxe5 11. Qc2 Nd4 12. Qd1 Nxf3+ 13. gxf3 Nh5 14. Qc2 Be6
15. Rd1 Qh4 16. Bf1 Bxa2 17. Rg1 Rad8 18. Bg5 Bb3 19. Rxd8 Rxd8 20. Qxb3 Rd1+
21. Qxd1 1-0

[Event "17. Sombor open"]
[Site "Sombor, Citaonicka 9"]
[Date "2025.03.26"]
[Round "4.1"]
[White "Vujnovic, Igor"]
[Black "Kurcubic, Drago"]
[Result "0-1"]
[WhiteElo "1856"]
[BlackElo "2120"]
[PlyCount "104"]
[EventDate "2025.03.19"]

1. e4 c6 2. d4 d5 3. exd5 cxd5 4. h3 Nf6 5. Nf3 g6 6. Bd3 Bg7 7. O-O Nc6 8. c3
Qc7 9. Re1 Be6 10. Nbd2 O-O 11. Nf1 Nh5 12. Ng5 Nf4 13. Bc2 Rac8 14. Qf3 Nh5
15. g4 Nf6 16. Rxe6 Nxd4 17. cxd4 fxe6 18. Nxe6 Qxc2 19. Nxf8 Rxf8 20. Qc3 Qxc3
21. bxc3 Ne4 22. Be3 Nxc3 23. Ng3 e5 24. dxe5 Bxe5 25. Re1 d4 26. Bh6 Bg7 27.
Bxg7 Kxg7 28. Kg2 b5 29. a3 a5 30. Nf1 b4 31. axb4 axb4 32. Nd2 Ra8 33. Re7+
Kf6 34. Rb7 Ra2 35. Rb6+ Kf7 36. Rb7+ Ke6 37. Rb6+ Kd5 38. Nf1 Kc5 39. Rb8 Ne4
40. Rc8+ Kd5 41. Rd8+ Kc4 42. Kf3 Kd3 43. Kg2 Rxf2+ 44. Kg1 Rf6 45. Rb8 Kc3 46.
Rc8+ Kb2 47. Re8 Nc3 48. Rb8 Ne2+ 49. Kg2 Nf4+ 50. Kf2 Nxh3+ 51. Ke1 Kc3 52.
Nd2 Re6+ 0-1

[Event "17. Sombor open"]
[Site "Sombor, Citaonicka 9"]
[Date "2025.03.26"]
[Round "4.2"]
[White "Travica, Robert"]
[Black "Novakovic, Aleksandar"]
[Result "1-0"]
[WhiteElo "2018"]
[BlackElo "2013"]
[PlyCount "69"]
[EventDate "2025.03.19"]

1. e4 e5 2. Nf3 Nc6 3. Bc4 Nf6 4. d3 Be7 5. O-O O-O 6. Re1 d6 7. a3 Be6 8. Nc3
a6 9. Bg5 b5 10. Ba2 Bxa2 11. Rxa2 Nd7 12. Be3 Nc5 13. Nd5 Ne6 14. c3 f5 15. a4
fxe4 16. dxe4 Na5 17. axb5 axb5 18. Qd3 Nc6 19. Rxa8 Qxa8 20. Qxb5 Bd8 21. Qc4
Re8 22. b4 Qa4 23. Rc1 Kh8 24. Qf1 Ne7 25. Qd1 Qd7 26. c4 Ng6 27. b5 Rf8 28.
Ra1 Ngf4 29. Bxf4 Nxf4 30. Nxf4 Rxf4 31. Qd3 Qg4 32. Ra8 Rf8 33. b6 cxb6 34.
Qxd6 Qf4 35. Rxd8 1-0

[Event "17. Sombor open"]
[Site "Sombor, Citaonicka 9"]
[Date "2025.03.26"]
[Round "4.3"]
[White "Skrobonja, Sinisa"]
[Black "Mandaric, Petar"]
[Result "1-0"]
[WhiteElo "1995"]
[BlackElo "1857"]
[PlyCount "51"]
[EventDate "2025.03.19"]

1. e4 c5 2. Nf3 d6 3. d4 cxd4 4. Nxd4 Nf6 5. Nc3 a6 6. Be2 Nc6 7. Be3 e6 8. Qd2
Be7 9. O-O-O O-O 10. Kb1 Qc7 11. g4 b5 12. g5 Ne8 13. Nxc6 Qxc6 14. Bd3 Rb8 15.
h4 b4 16. Ne2 e5 17. Ng3 g6 18. h5 Be6 19. f4 Bg4 20. Rdf1 Kg7 21. f5 gxf5 22.
Nxf5+ Bxf5 23. Rxf5 Kg8 24. Qh2 Ng7 25. Rf2 Ne6 26. g6 1-0

[Event "17. Sombor Open"]
[Site "?"]
[Date "2025.03.26"]
[Round "4.4"]
[White "Beslin, Igor"]
[Black "Pek, Istvan"]
[Result "1/2-1/2"]
[WhiteElo "1907"]
[BlackElo "1865"]
[PlyCount "66"]
[EventDate "2025.??.??"]

1. d4 d5 2. c4 c6 3. cxd5 cxd5 4. Nc3 Nf6 5. Nf3 Nc6 6. Bg5 e6 7. e3 Be7 8. Rc1
O-O 9. Bd3 Bd7 10. O-O Rc8 11. Bb1 Ne8 12. Qd3 g6 13. Bh6 Ng7 14. e4 dxe4 15.
Qxe4 Re8 16. Rfd1 Nf5 17. Bf4 Bf6 18. a3 Na5 19. Be5 Bc6 20. Bxf6 Qxf6 21. Qf4
Bxf3 22. Qxf3 Qe7 23. Ba2 Red8 24. d5 exd5 25. Nxd5 Qe5 26. Rxc8 Rxc8 27. Nc3
Rc7 28. Qd3 Nc6 29. Qd2 Re7 30. Nd5 Re8 31. h3 Kg7 32. f4 Qd4+ 33. Qxd4+ Nfxd4
1/2-1/2

[Event "17. Sombor open"]
[Site "Sombor, Citaonicka 9"]
[Date "2025.03.26"]
[Round "4.5"]
[White "Kovacs, Attila F"]
[Black "Djurosev, Djordje"]
[Result "1-0"]
[WhiteElo "1891"]
[BlackElo "1642"]
[PlyCount "59"]
[EventDate "2025.03.19"]

1. e4 e5 2. Nf3 f5 3. Nxe5 Qf6 4. d4 d6 5. Nc4 fxe4 6. Nc3 Qg6 7. Ne3 c6 8. Be2
Nf6 9. d5 Be7 10. f3 O-O 11. O-O Nbd7 12. fxe4 Nxe4 13. Rxf8+ Bxf8 14. Nxe4
Qxe4 15. Bf3 Qg6 16. dxc6 Nc5 17. b4 Ne4 18. Qd5+ Be6 19. Qxe4 Qxe4 20. Bxe4
bxc6 21. Bxc6 Rc8 22. b5 a6 23. Bb7 Rc3 24. bxa6 d5 25. a7 d4 26. Nd1 Rxc2 27.
a8=Q d3 28. Ba3 Bc8 29. Bxc8 d2 30. Be6+ 1-0

[Event "17. Sombor open"]
[Site "Sombor, Citaonicka 9"]
[Date "2025.03.26"]
[Round "4.6"]
[White "Loncar, Jovan"]
[Black "Delija, Dragan"]
[Result "0-1"]
[WhiteElo "1674"]
[BlackElo "1874"]
[PlyCount "74"]
[EventDate "2025.03.19"]

1. e4 c6 2. d4 d5 3. exd5 cxd5 4. Be3 Bf5 5. c4 e6 6. c5 Nc6 7. a3 Nf6 8. f3 h6
9. Bb5 Bxb1 10. Rxb1 Qa5+ 11. b4 Qxb5 12. a4 Qc4 13. b5 Nb4 14. Ne2 Nc2+ 15.
Kf2 Nxe3 16. Kxe3 Bxc5 17. dxc5 Qxc5+ 18. Kd2 O-O 19. Rb3 Rac8 20. Qb1 Qf2 21.
g4 Rc4 22. Rd3 Rxa4 23. h4 Nd7 24. g5 h5 25. Rf1 Qxh4 26. g6 fxg6 27. Rg1 Ne5
28. Rh1 Qb4+ 29. Qxb4 Rxb4 30. Rc3 Nxf3+ 31. Kc2 Nd4+ 32. Nxd4 Rxd4 33. Rh2 Rc4
34. Rxc4 dxc4 35. Re2 Re8 36. Kc3 g5 37. Kxc4 b6 0-1